Normal view
MARC view
Entry Personal Name
001 - CONTROL NUMBER
- control field: 29202
003 - CONTROL NUMBER IDENTIFIER
- control field: ARRUPE
005 - DATE AND TIME OF LATEST TRANSACTION
- control field: 20170301094921.0
008 - FIXED-LENGTH DATA ELEMENTS
- fixed length control field: 170301|| aca||aabn | a|a d
040 ## - CATALOGING SOURCE
- Original cataloging agency: ARRUPE
- Transcribing agency: ARRUPE
100 ## - HEADING--PERSONAL NAME
- Personal name: edited by John W. Eadie
670 ## - SOURCE DATA FOUND
- Source citation: Work cat.: (ARRUPE)16664: The conversion of Constantine